000 00682nam a22002297a 4500
001 BR9606229
003 BR-BrBNA
005 20230928095250.0
007 ta
008 230509b bl.||||| |||| 00| 0 por d
040 _aBR-BrBNA
_bpor
_cBiblioteca Nacional de Agricultura
041 _a(Por)
072 _aC20
090 _ C20 BR9606229
110 1 _aEmpresa de Pesquisa Agropecuaria e Extensao Rural de Santa Catarina S.A., Florianopolis (Brasil)
245 1 _aProgramacao de eventos de difusao de tecnologia 1996
260 3 _aFlorianopolis, SC (Brasil):
_c1996.
300 _a168 p.
650 _aExtensao Rural
909 _a202309
_bLucia
_c55
_dLucia Elande
942 _cBK
999 _c55528
_d55528